000 00664nam a2200193Ia 4500
005 20240530105319.0
008 140319s1986 xx 000 0 ara d
040 _aGCL /
_cGCL
082 0 4 _a410 /
_bم ع
100 1 _aمحمد رشاد الحمزاوى
245 1 0 _aالعربية والحداثة :
_bاو الفصاحة فصحات /
_cتاليف محمد رشاد الحمزاوى
260 _aبيروت :
_bدار الغرب الاسلامى ،
_c1945
300 _a231 ص؛
_c24 سم
650 0 4 _aاللغة العربية
650 0 4 _aالبلاغة
650 0 4 _aالفصاحة
942 _2ddc
_cBK
999 _c54835
_d54835